| 000 | 01292nam a22002775i 4500 | ||
|---|---|---|---|
| 001 | 53683 | ||
| 003 | ES-MaACL | ||
| 005 | 20250902185528.0 | ||
| 007 | t| | ||
| 008 | 960704s1885 sp ||||1| spa d | ||
| 080 | _a550.34(468.1)"1884" | ||
| 245 | 0 | 0 |
_aTerremotos de Andalucía : _binforme de la Comisión nombrada para su estudio dando cuenta del estado de los trabajos en 7 de marzo de 1885. |
| 260 |
_aMadrid : _b[s.n.], _c1885 ( _fImp. y Fundición de M. Tello) |
||
| 300 |
_aVI, 105 p., [2] h., [2] h. de lám. ; _c25 cm. |
||
| 530 | _aDisponible en formato digital. | ||
| 594 | _aComisión compuesta por: Manuel Fernández de Castro, presidente; vocales, Juan Pablo Lasala, Daniel Cortázar y Joaquín Gonzalo Tarín... (p. V) | ||
| 650 | 4 |
_aTerremotos- _zAndalucía- _yS.XIX. _917487 |
|
| 700 | 1 |
_aFernández de Castro, Manuel, _d1825-1895 _949645 |
|
| 700 | 1 |
_aLasala, Juan Pablo. _970405 |
|
| 700 | 1 |
_aCortázar y Larrubia, Daniel de. _940829 |
|
| 700 | 1 |
_aGonzalo y Tarín, Joaquín ( _d1838-1910) _9127394 |
|
| 852 | 4 |
_aES-MaACL _jT-383-F-4 |
|
| 856 | 4 |
_uhttp://bdh-rd.bne.es/viewer.vm?id=0000076053&page=1 _zBiblioteca Digital Hispánica |
|
| 856 | 4 |
_uhttp://hdl.handle.net/10481/19269 _zRepositorio Institucional de la Universidad de Granada |
|
| 999 |
_c53683 _d53683 |
||